Bilecik Bilecik Bilecik Bilecik Bilecik

Çanakkale esirleri, Ermeni Doğu Lejyonu, milli mücadele, Dr. Behiç Ney, EOKA, Türk Mukavemet Teşkilatı, KTKF, megali idea, Ermeniler, 20 Temmuz 1974, ve Annan Planı'nda dünden bugüne Kıbrıs (1913-2013)/ (Record no. 49023)

MARC details
000 -BAŞLIK
Sabit Uzunluktaki Kontrol Alanı 01352nam a22003497a 4500
001 - KONTROL NUMARASI
Control Dosyası 0049185
003 - KONTROL NUMARASI KİMLİĞİ
Kontrol Alanı KOHA_MİRAKIL
005 - EN SON İŞLEM TARİHİ ve ZAMANI
Kontrol Alanı 20260207003642.0
007 - FİZİKSEL TANIM SABİT ALAN - GENEL BİLGİ
Sabit uzunluklu kontrol alanı ta
008 - SABİT UZUNLUKTAKİ VERİ ÖGELERİ - GENEL BİLGİ
Sabit Alan 150629b2013 tu |||gr||||#||||0|tur |
020 ## - ISBN - ULUSLARARASI STANDART KİTAP NUMARASI
Isbn 9789752677432
040 ## - KATALOGLAMA KAYNAĞI
Özgün Kataloglama Kurumu TR-BiSEU
Kataloglama Dili tur
Çeviri Kurumu TR-BiSEU
Açıklama Kuralları rda
041 0# - DİL KODU
Metin ya da ses kaydının dil kodu tur
044 ## - YAYINLAYAN/ÜRETEN KURULUŞUN ÜLKE KODU
ISO country code tu
050 ## - SINIFLAMA ve YER NUMARASI
Sınıflama Numarası DS54.8
Yer Numarası .K47 2013
100 1# - KİŞİ ADI
Yazar Adı (Kişi adı) Keser, Ulvi.
245 1# - ESER ADI BİLDİRİMİ
Başlık Çanakkale esirleri, Ermeni Doğu Lejyonu, milli mücadele, Dr. Behiç Ney, EOKA, Türk Mukavemet Teşkilatı, KTKF, megali idea, Ermeniler, 20 Temmuz 1974, ve Annan Planı'nda dünden bugüne Kıbrıs (1913-2013)/
Sorumluluk Bildirimi Ulvi Keser ; Ulvi Keser.
264 #1 - ÜRERİM, YAYIN, DAĞITIM ve TELİF BİLDİRİMİ
Yayın yeri Ankara :
Yayınlayan Berikan Yayınevi
Yayın tarihi 2013
300 ## - FİZİKSEL TANIMLAMA
Sayfa, Cilt vb. 740 sayfa ;
Boyutları 23 cm.
336 ## - İÇERİK TÜRÜ
Content type term metin
Content type code txt
Source rdacontent
337 ## - MEDYA TÜRÜ
Media type term aracısız
Media type code n
Source rdamedia
338 ## - TAŞIYICI TÜRÜ
Carrier type term cilt
Carrier type code nc
Source rdacarrier
500 ## - GENEL NOT
Genel Not Kaynakça var.
650 #0 - KONU BAŞLIĞI EK GİRİŞ - KONU TERİMİ
Konusal terim veya coğrafi ad Cyprus--History--20th century.
9 (RLIN) 90370
650 #0 - KONU BAŞLIĞI EK GİRİŞ - KONU TERİMİ
Konusal terim veya coğrafi ad Türkler--Kıbrıs--Tarih--20. yy.
9 (RLIN) 90371
650 #0 - KONU BAŞLIĞI EK GİRİŞ - KONU TERİMİ
Konusal terim veya coğrafi ad Turks--Cyprus--History--20th century.
9 (RLIN) 90372
650 #0 - KONU BAŞLIĞI EK GİRİŞ - KONU TERİMİ
Konusal terim veya coğrafi ad Kıbrıs--Dış ilişkiler--Türkiye--20. yy.
9 (RLIN) 90373
650 #0 - KONU BAŞLIĞI EK GİRİŞ - KONU TERİMİ
Konusal terim veya coğrafi ad Cyprus--Foreign relations--Turkey--20th century.
9 (RLIN) 90374
650 #0 - KONU BAŞLIĞI EK GİRİŞ - KONU TERİMİ
Konusal terim veya coğrafi ad Türkiye--Dış ilişkiler--Kıbrıs--20. yy.
9 (RLIN) 90375
650 #0 - KONU BAŞLIĞI EK GİRİŞ - KONU TERİMİ
Konusal terim veya coğrafi ad Turkey--Foreign relations--Cyprus--20th century.
9 (RLIN) 90376
942 ## - EK GİRİŞ ÖGELERİ (KOHA)
Source of classification or shelving scheme Library of Congress Classification
Koha item type Book
Holdings
Materyal Türü Kalıcı Konum Mevcut Konum Raf Yeri Sınıflandırma Kaynağı Edinim Bilgisi Ana Konular Alt Konular Yer Numarası Demirbaş Numarası Fatura Tarihi Maliyet, Alış Fiyatı Maliyet, Yenileme Fiyatı Geri Çekilme Durumu Kayıp Durumu Hasarlı Durumu Kredi için değil Kayıt Tarih Toplam Ödünçverme Son Görülme Tarihi Son Kontrol Tarihi Satın Alma Notu
Book Prof. Dr. Azmi Özcan Kütüphanesi Prof. Dr. Azmi Özcan Kütüphanesi Uluğbey Salonu Library of Congress Classification Satın DÜNYA TARİHİ (AVRUPA, ASYA, AFRİKA VB.) Asya DS54.8 .K47 2013 0049185 07/07/2015 26.06 26.06         29/06/2015 8 05/12/2024 05/12/2024 B-984687 - B-984797